La vida.

Guardado en:
Formato: Deslizar
Materias:
ADN
Etiquetas: Agregar Etiqueta
Sin Etiquetas, Sea el primero en etiquetar este registro!
LEADER 00882ngm a22002655g 4500
001 CEM.cems022387
008 130507b1998##################0###0#####d
005 20241031153757.0
245 0 0 |a La vida. 
300 |a 21'. 
500 |a En soporte VHS, consultar en ventanilla. 
505 0 |a Funciones básicas. Célula. ATP. Respiración. Autorregulación. Reproducción celular. Microorganismos, funciones, grupos. ADN. El hombre y las razas. Genoma humano. 
538 |a Soporte: VHS - Norma: Pal N - Color: Si - Grabación DRD 1998 - Hitachi=4132 
082 6 1 |/ TVQ 
653 |a BIOLOGIA 
653 |a VIDA 
653 |a MICROORGANISMOS 
653 |a CELULA 
653 |a VIRUS 
653 |a BACTERIAS 
653 |a ADN 
653 |a GENOMA 
653 |a NIVEL PRIMARIO 
653 |a NIVEL SECUNDARIO 
859 |a CEMS  |b BIB. CEMS - Depto. Recursos Didacticos  |h 611  |i TVQ  |k DRD  |p 1030.12  |t Ej.1